Nutrition : (Record no. 16091)
[ view plain ]
| 000 -LEADER | |
|---|---|
| fixed length control field | 00773nam a22002897a 4500 |
| 003 - CONTROL NUMBER IDENTIFIER | |
| control field | OSt |
| 005 - DATE AND TIME OF LATEST TRANSACTION | |
| control field | 20140310182806.0 |
| 008 - FIXED-LENGTH DATA ELEMENTS--GENERAL INFORMATION | |
| fixed length control field | 130215t xxu||||| |||| 00| 0 eng d |
| 020 ## - INTERNATIONAL STANDARD BOOK NUMBER | |
| International Standard Book Number | 981254609x |
| 050 ## - LIBRARY OF CONGRESS CALL NUMBER | |
| Classification number | QP 141 |
| Item number | .Si99 2003 |
| 100 ## - MAIN ENTRY--PERSONAL NAME | |
| Personal name | Sizer, Frances Sienkiewicz. |
| 245 ## - TITLE STATEMENT | |
| Title | Nutrition : |
| Remainder of title | concepts and controversies / |
| Statement of responsibility, etc | Frances Sienkiewicz Sizer, Eleanor Noss Whitney. |
| 260 ## - PUBLICATION, DISTRIBUTION, ETC. (IMPRINT) | |
| Place of publication, distribution, etc | Australia : |
| Name of publisher, distributor, etc | Wadsworth/Thomson Learning, |
| Date of publication, distribution, etc | 2003. |
| 300 ## - PHYSICAL DESCRIPTION | |
| Extent | 578 p. : |
| Other physical details | col. ill. ; |
| Dimensions | 28 cm. |
| 521 ## - TARGET AUDIENCE NOTE | |
| Target audience note | |
| 562 ## - COPY AND VERSION IDENTIFICATION NOTE | |
| Number of copies | 1 |
| 650 ## - SUBJECT ADDED ENTRY--TOPICAL TERM | |
| Topical term or geographic name as entry element | Nutrition. |
| 700 ## - ADDED ENTRY--PERSONAL NAME | |
| Personal name | Whitney, Eleanor Noss. |
| 942 ## - ADDED ENTRY ELEMENTS (KOHA) | |
| Source of classification or shelving scheme | Library of Congress Classification |
| Koha item type | Books |
| Call number prefix | Foreign |
| Withdrawn status | Lost status | Source of classification or shelving scheme | Damaged status | Home library | Current library | Shelving location | Date acquired | Source of acquisition | Total Checkouts | Full call number | Barcode | Date last seen | Copy number | Price effective from | Koha item type | Date checked out |
|---|---|---|---|---|---|---|---|---|---|---|---|---|---|---|---|---|
| Library of Congress Classification | Archives | Archives | 02/15/2013 | Donation | QP 141 .Si99 2003 | C7063 | 05/15/2018 | 1 | 02/15/2013 | Books | ||||||
| Library of Congress Classification | Archives | Archives | 12/13/2013 | Donation | 1 | QP 141 .Si99 2003 | C7064 | 05/15/2018 | 2 | 12/13/2013 | Books | 08/10/2015 | ||||
| Library of Congress Classification | Archives | Archives | 12/13/2013 | Donation | 1 | QP 141 .Si99 2003 | C7062 | 05/15/2018 | 5 | 12/13/2013 | Books | 01/24/2015 | ||||
| Library of Congress Classification | Archives | Archives | 12/13/2013 | Donation | 1 | QP 141 .Si99 2003 | C7061 | 05/15/2018 | 6 | 12/13/2013 | Books | 06/20/2014 | ||||
| Library of Congress Classification | College Library | College Library | General Circulation Section | 12/13/2013 | 1 | QP 141 .Si99 2003 | C7059 | 05/15/2018 | 3 | 12/13/2013 | Books | 02/16/2015 | ||||
| Library of Congress Classification | College Library | College Library | General Circulation Section | 12/13/2013 | 2 | QP 141 .Si99 2003 | C7060 | 06/06/2018 | 4 | 12/13/2013 | Books | 05/31/2018 |